| 000 | 00000nam##2200000za#4500 |
| 001 | 9.632897 |
| 003 | CaOODSP |
| 005 | 20210624215042 |
| 007 | cr ||||||||||| |
| 008 | 150407|1998||||xxc|||||o f|0| 0 fre|d |
| 040 | |aCaOODSP|bfre |
| 043 | |an-cn--- |
| 086 | 1 |aSW21-26/1998F-PDF |
| 110 | 1 |aCanada. |bCondition féminine Canada. |
| 245 | 10|aImmigration et intégration tenant compte des rapports sociaux entre les sexes : |h[ressource électronique]|bactes de l'atelier sur la recherche en matière de politiques et analyse sélective de la documentation sur la recherche en matière de politiques 1987-1996 |
| 260 | |aOttawa - Ontario : |bCondition féminine Canada |c1998. |
| 300 | |a89p. |
| 500 | |aSur la page de titre : Rapport issu des Actes du premier Colloque national Metropolis sur l’immigration Réponse à la diversité dans les métropoles : vers un programme de recherche « inclusif » Edmonton, Alberta du 6 au 8 mars 1997. Le n° de catalogue et ISBN de l'édition imprimée 1998 à été imprimé dans cette édition électronique. |
| 504 | |aBibliographie. |
| 590 | |a06-10-Supp|b2006-12-15 |
| 691 | 07|aPolitique d'immigration|2gcpds |
| 691 | 07|aAcculturation|2gcpds |
| 691 | 07|aCongrès|2gcpds |
| 775 | 08|tGendering immigration/integration : |w(CaOODSP)9.688472 |
| 776 | 0#|tGendering immigration/integration : |w(CaOODSP)9.660027 |
| 776 | 0#|tImmigration et intégration tenant compte des rapports sociaux entre les sexes : |w(CaOODSP)9.660028 |
| 856 | 40|ahttp://publications.gc.ca|qPDF|s530 Ko|uhttps://publications.gc.ca/collections/Collection/SW21-26-1998F.pdf |